000 00406nam a2200157Ia 4500
008 260316s2024 xx 000 0 und d
020 _a9788185790015
041 _aeng
082 _a614.14 KUC/KHA
100 _aKUCHEKAR B. S., KHADTARE A. M.
245 _aFORENSIC PHARMACY
250 _a35TH
260 _aPUNE
_bNIRALI PRAKASHAN
_c2024
300 _a271p
650 _aPHARMACEUTICAL JURISPRUDENCE
999 _c1217106
_d1217106